| 000 | 00424cam a2200169ua 4500 | ||
|---|---|---|---|
| 020 | _c1.25 | ||
| 041 |
_amal _h |
||
| 082 |
_a894.8121 _bBHA/OR |
||
| 100 | _aBhaskaran, P. | ||
| 245 |
_aOrkkuka vallapozhum / _cP.Bhaskaran. _hTextual Documents |
||
| 260 |
_aKottayam : _bSahitya Pravarthaka Co-operative Society , _c1962. |
||
| 300 | _a88 ; . | ||
| 365 | _a1.25 | ||
| 504 | _a | ||
| 942 | _cBK | ||
| 999 |
_c4820 _d4820 |
||